000 00278nam a22001337a 4500
008 170620b xxu||||| |||| 00| 0 eng d
020 _a0256026335
041 _aeng
080 _a32
100 _a20
101 _aSHP
245 _aNEGOTIATION
_cLEWICKI.R.J
942 _2udc
_cBK
999 _c18265
_d18265